[Event "XIV. DBMM Schach"]
[Site "Dresden"]
[Date "2014.11.22"]
[Round "7.3"]
[White "Mayer, Herbert"]
[Black "Hartmann, Jens"]
[Result "1/2-1/2"]
[WhiteElo "1970"]
[BlackElo "1788"]
[Annotator "hm"]
[PlyCount "54"]
[EventDate "2014.??.??"]
[EventType "team-swiss"]
[EventRounds "7"]
[EventCountry "GER"]
[Source "FV Schach e.V."]
[SourceDate "2015.07.06"]
[WhiteTeam "SV OSRAM Berlin"]
[BlackTeam "Baubehoerde Hamburg II"]
[WhiteTeamCountry "GER"]
[BlackTeamCountry "GER"]

1. f4 b6 2. e3 Bb7 3. Nf3 e6 4. b3 Nf6 5. Bb2 Be7 6. Be2 O-O 7. O-O h6 8. Qe1
Nh7 9. Nc3 Bf6 10. d3 d6 11. e4 Nd7 12. Rd1 e5 13. f5 c5 14. Nb5 Qe7 15. c4 a6
16. Nc7 Rac8 17. Nd5 Bxd5 18. cxd5 b5 19. Kh1 Ra8 20. g4 Ng5 21. a3 Rfc8 22.
Nxg5 Bxg5 23. Rf3 Rcb8 24. Bc1 Bh4 25. Qg1 Nf8 26. Qg2 Nh7 27. Rdf1 Rf8 1/2-1/2

[Event "XIV. DBMM Schach"]
[Site "Dresden"]
[Date "2014.11.23"]
[Round "7.4"]
[White "Hein, Andrea"]
[Black "Riess, Bernhard"]
[Result "0-1"]
[WhiteElo "1430"]
[BlackElo "1571"]
[Annotator "br"]
[PlyCount "72"]
[EventDate "2014.??.??"]
[EventType "team-swiss"]
[EventRounds "7"]
[EventCountry "GER"]
[Source "FV Schach e.V."]
[SourceDate "2015.07.06"]
[WhiteTeam "Baubehoerde Hamburg II"]
[BlackTeam "SV OSRAM Berlin"]
[WhiteTeamCountry "GER"]
[BlackTeamCountry "GER"]

1. d4 c6 2. Nf3 d5 3. e3 Nf6 4. Nc3 Bg4 5. Be2 e6 6. a3 Be7 7. h3 Bxf3 8. Bxf3
Nbd7 9. O-O O-O 10. Bd2 Rc8 11. Re1 c5 12. Rc1 c4 13. e4 dxe4 14. Nxe4 b5 15.
c3 Nxe4 16. Bxe4 $11 Nf6 17. Bf3 a5 18. Bf4 Bd6 19. Bxd6 Qxd6 20. Re5 Rb8 21.
Qd2 Rfd8 22. Rd1 h6 23. Kf1 Nd5 24. Bxd5 exd5 25. Qc1 b4 26. Re2 bxa3 27. bxa3
Rb3 28. Ra2 a4 29. Rdd2 Rdb8 30. Rdb2 Qb6 31. Rxb3 Qxb3 32. Ra1 Qb2 33. Ke1 Rb3
34. Qxb2 Rxb2 35. g3 Kf8 36. h4 Rc2 0-1

[Event "XIV. DBMM Schach"]
[Site "Dresden"]
[Date "2014.11.23"]
[Round "7.1"]
[White "Koerlin, Hans Juergen"]
[Black "Jacobsen, Ruediger"]
[Result "1-0"]
[WhiteElo "1863"]
[BlackElo "1518"]
[Annotator "br"]
[PlyCount "27"]
[EventDate "2014.??.??"]
[EventType "team-swiss"]
[EventRounds "7"]
[EventCountry "GER"]
[Source "FV Schach e.V."]
[SourceDate "2015.07.06"]
[WhiteTeam "BA Tempelhof Berlin II"]
[BlackTeam "SG Airbus Bremen"]
[WhiteTeamCountry "GER"]
[BlackTeamCountry "GER"]

1. e4 e5 2. Nf3 Nc6 3. Nc3 d6 4. Bc4 Na5 5. Be2 Nf6 6. d4 exd4 7. Nxd4 Be7 8.
O-O O-O 9. f4 c5 10. Nf3 Qc7 11. e5 Ne8 12. Nd5 Qd8 13. c4 Nc7 14. Nxe7+ 1-0

[Event "XIV. DBMM Schach"]
[Site "Dresden"]
[Date "2014.11.23"]
[Round "7.2"]
[White "Mikoteit, Siegfried"]
[Black "Quast, Michael"]
[Result "0-1"]
[WhiteElo "1304"]
[BlackElo "1723"]
[Annotator "br"]
[PlyCount "82"]
[EventDate "2014.??.??"]
[EventType "team-swiss"]
[EventRounds "7"]
[EventCountry "GER"]
[Source "FV Schach e.V."]
[SourceDate "2015.07.06"]
[WhiteTeam "SG Airbus Bremen"]
[BlackTeam "BA Tempelhof Berlin II"]
[WhiteTeamCountry "GER"]
[BlackTeamCountry "GER"]

1. e4 b6 2. d4 Bb7 3. Nc3 e6 4. a3 c5 5. d5 g6 6. Bc4 Bg7 7. Nge2 Qh4 8. Nb5
Be5 9. Qd3 a6 10. g3 Qd8 11. dxe6 fxe6 12. Nbc3 Nc6 13. Be3 b5 14. Ba2 c4 15.
Qd2 Nge7 16. f3 O-O 17. O-O Qc7 18. Rad1 Rad8 19. Bf4 Bxf4 20. Nxf4 Ne5 21. Qe3
Bc6 22. b3 $11 Ba8 23. bxc4 Nxc4 24. Bxc4 Qxc4 25. Qd3 Qc5+ 26. Kg2 Qg5 27.
Nce2 Nc6 28. h4 Qh6 29. Qd6 Qg7 30. c3 Bb7 31. Rd2 Ne5 32. Rd4 Nc4 33. Kf2 Nxd6
34. Rxd6 Bc6 35. Rfd1 Qf7 36. Nd4 e5 37. Nxc6 exf4 38. g4 dxc6 39. Rxd8 Rxd8
40. Rxd8+ Kg7 41. Rd2 Qc4 0-1

[Event "XIV. DBMM Schach"]
[Site "Dresden"]
[Date "2014.11.23"]
[Round "7.3"]
[White "Wolf, Wilfried"]
[Black "Waltz, Juergen"]
[Result "1-0"]
[WhiteElo "1523"]
[BlackElo "1400"]
[Annotator "br"]
[PlyCount "45"]
[EventDate "2014.??.??"]
[EventType "team-swiss"]
[EventRounds "7"]
[EventCountry "GER"]
[Source "FV Schach e.V."]
[SourceDate "2015.07.06"]
[WhiteTeam "BA Tempelhof Berlin II"]
[BlackTeam "SG Airbus Bremen"]
[WhiteTeamCountry "GER"]
[BlackTeamCountry "GER"]

1. e4 c5 2. Nf3 Nc6 3. d4 cxd4 4. Nxd4 g6 5. c3 e6 6. Be3 Bg7 7. Be2 Nf6 8. Nd2
O-O 9. O-O d5 10. Bf3 Ne5 11. Bg5 h6 12. Bh4 g5 13. Bg3 Nxf3+ 14. Qxf3 Qb6 15.
N4b3 Bd7 16. Be5 Ne8 17. Bxg7 Nxg7 18. exd5 exd5 19. Qxd5 Bc6 20. Qc5 Qc7 21.
Nd4 a6 22. Nxc6 Ne6 23. Ne7+ 1-0

[Event "XIV. DBMM Schach"]
[Site "Dresden"]
[Date "2014.11.23"]
[Round "7.4"]
[White "Feldmann, Alfred"]
[Black "Warnest, Stefan"]
[Result "1/2-1/2"]
[WhiteElo "1435"]
[BlackElo "1424"]
[Annotator "br"]
[PlyCount "54"]
[EventDate "2014.??.??"]
[EventType "team-swiss"]
[EventRounds "7"]
[EventCountry "GER"]
[Source "FV Schach e.V."]
[SourceDate "2015.07.06"]
[WhiteTeam "SG Airbus Bremen"]
[BlackTeam "BA Tempelhof Berlin II"]
[WhiteTeamCountry "GER"]
[BlackTeamCountry "GER"]

1. d4 Nf6 2. c4 g6 3. Nc3 d5 4. e3 Bg7 5. Nf3 O-O 6. Bd3 dxc4 7. Bxc4 e6 8. O-O
Nc6 9. Re1 Ne7 10. b3 Nfd5 11. Bb2 Nxc3 12. Bxc3 c5 13. Rc1 cxd4 14. Bxd4 Bxd4
15. Qxd4 Qxd4 16. Nxd4 Bd7 17. h3 Rac8 18. Bb5 Bxb5 19. Nxb5 a6 20. Nd6 Rxc1
21. Rxc1 b5 22. e4 Rd8 23. e5 Nd5 24. a3 Rd7 25. Rc8+ Kg7 26. Rc6 Ra7 27. Nc8
Ra8 1/2-1/2

[Event "XIV. DBMM Schach"]
[Site "Dresden"]
[Date "2014.11.23"]
[Round "7.1"]
[White "Zunk, Olaf"]
[Black "Peck, Malcolm"]
[Result "0-1"]
[WhiteElo "1402"]
[BlackElo "1684"]
[Annotator "br"]
[PlyCount "40"]
[EventDate "2014.??.??"]
[EventType "team-swiss"]
[EventRounds "7"]
[EventCountry "GER"]
[Source "FV Schach e.V."]
[SourceDate "2015.07.06"]
[WhiteTeam "ADAC Muenchen II"]
[BlackTeam "W&W"]
[WhiteTeamCountry "GER"]
[BlackTeamCountry "GER"]

1. e4 c5 2. Nf3 Nc6 3. d4 cxd4 4. Nxd4 d6 5. Nc3 Nf6 6. Bd3 Nxd4 7. Be3 Nc6 8.
Qd2 e5 9. O-O Be6 10. a3 Be7 11. f4 exf4 12. Bxf4 Ne5 13. Bb5+ Bd7 14. Bxe5
Bxb5 15. Nxb5 Qb6+ 16. Kh1 dxe5 17. a4 O-O 18. Rad1 Bc5 19. Qg5 Nxe4 20. Qxe5
Rae8 0-1

[Event "XIV. DBMM Schach"]
[Site "Dresden"]
[Date "2014.11.23"]
[Round "7.2"]
[White "Uhlarz, Joerg"]
[Black "Lajh, Anton"]
[Result "1-0"]
[WhiteElo "1743"]
[BlackElo "1530"]
[Annotator "br"]
[PlyCount "73"]
[EventDate "2014.??.??"]
[EventType "team-swiss"]
[EventRounds "7"]
[EventCountry "GER"]
[Source "FV Schach e.V."]
[SourceDate "2015.07.06"]
[WhiteTeam "W&W"]
[BlackTeam "ADAC Muenchen II"]
[WhiteTeamCountry "GER"]
[BlackTeamCountry "GER"]

1. d4 d5 2. c4 dxc4 3. Nc3 a6 4. a4 e6 5. e3 Bb4 6. Bxc4 Bxc3+ 7. bxc3 b6 8.
Nf3 Bb7 9. O-O Nc6 10. Qe2 Nge7 11. e4 h6 12. Rd1 O-O 13. Ba3 Re8 14. d5 exd5
15. exd5 Nxd5 16. Qa2 Ne5 17. Bxd5 Bxd5 18. Rxd5 Nxf3+ 19. gxf3 Qf6 20. Qc4
Qxf3 21. Qd3 Qg4+ 22. Qg3 Qxa4 23. c4 Qxc4 24. Rad1 c5 25. Qf3 a5 26. Rd7 a4
27. Rc1 Qe6 28. Rd3 Qg6+ 29. Kh1 Rac8 30. Rg1 Qe4 31. Kg2 b5 32. Rd7 b4 33. Bc1
Rc6 34. Qxe4 Rxe4 35. Kf3 Rce6 36. Bb2 g6 37. Rd8+ 1-0